Rubiaceae listserver on the Internet (Registro nro. 9864)

Detalles MARC
000 -CABECERA
Campo de control 004150000a22001570004500
090 ## - CLASIFICACIÓN LOCAL
Colección AR
Consecutivo 00773
041 0# - IDIOMA
Código de idioma para texto/pista de sonido o título separado
100 1# - ASIENTO PRINCIPAL--NOMBRE PERSONAL
Nombre personal Puttock, Christopher F.
245 10 - MENCION DE TITULO
Título Rubiaceae listserver on the Internet
650 14 - ASIENTO SECUNDARIO DE MATERIA - TERMINO TEMATICO
Término temático o nombre geográfico como elemento de entrada Bibliografías
650 14 - ASIENTO SECUNDARIO DE MATERIA - TERMINO TEMATICO
Término temático o nombre geográfico como elemento de entrada Vegetación
650 14 - ASIENTO SECUNDARIO DE MATERIA - TERMINO TEMATICO
Término temático o nombre geográfico como elemento de entrada Botánica
653 ## - TERMINO DE INDIZACION - NO CONTROLADO
-- Rubiaceae
773 1# - Item fuente:
Título Opera. Bot. Belg.
Especificación de materiales 292
Descripción física 7
Paginas del Articulo 425-428
Lugar, editorial y fecha de publicación 1996
942 ## - ELEMENTOS ADICIONALES (KOHA)
Tipo de ítem Artículo
Existencias
Withdrawn status Lost status Damaged status No para préstamo Colección Ubicación Permanente Ubicación actual Fecha de adquisición Fuente de Valor Datos de publicación Seriada Total Checkouts Número topográfico Inventario / Código de Barras Date last seen Ejemplar Price effective from Forma de adquisición Tipo de material
      No para Préstamo Hemeroteca Bogotá Bogotá 27/02/2015 Alvaréz, Mauricio Fuera de circulación   AR 00773 011093 25/03/2015 1 25/03/2015   Artículo